000 01249nam a22003377a 4500
999 _c21165
_d21165
003 AR-CdUCM
008 190227b ||||| |||| 00| 0 spa d
020 _a9786124121050
040 _aMUNICIPALIDAD PROVINCIAL DEL CUSCO
_cBIBLIOTECA MUNICIPAL DEL CUSCO
082 _a333.910 / I77
_bI77
245 _aAgua, injusticia y conflictos /
260 _aLima :
_bJusticia hídrica,
_c2012.
300 _a289 paginas :
_c23 cm.
440 _aSerie Agua y Sociedad
_n17
_944217
505 _aContenido: Justicia hídrica análisis y acción en contextos cambiantes -- Las industrias extractivas y los paisajes hídricos en transición en los países andinos ...
650 _aRecursos hidrológicos
_95625
650 _aRecursos hídricos
_944218
650 _aGestión del agua
_944219
650 _aJusticia
_944220
650 _aEquidad
_96500
650 _aSeguridad alimentaria
_93933
650 _aMinería
_9430
650 _aIndustrias extractivas
_944221
700 _aIsch López, Edgar
_944222
710 _aUniversidad Católica del Perú
_944223
710 _aJusticia Hídrica
_944224
710 _aInstituto de Estudios Peruanos
_936
710 _aCentro Bartolomé de Las Casas
_93293
942 _2ddc
_cLIBROS
945 _aRoel